The collected papers on classical Tamil, Literature in the journal of 'Tamil Culture'/ (Record no. 188821)

MARC details
000 -LEADER
fixed length control field 00622nam a22001817a 4500
005 - DATE AND TIME OF LATEST TRANSACTION
control field 20220603162642.0
010 ## - LCCN (DPL NO)
LC control number ENG-132991
020 ## - INTERNATIONAL STANDARD BOOK NUMBER
International Standard Book Number 978-81-234-1994-7
Terms of availability 150.00
035 ## - SYSTEM CONTROL NUMBER
System control number EN-116523
037 ## - SOURCE OF ACQUISITION
Source of stock number/acquisition DBAD/PUB
082 ## - DEWEY DECIMAL CLASSIFICATION NUMBER
Classification number 894.81109001
245 ## - TITLE STATEMENT
Title The collected papers on classical Tamil, Literature in the journal of 'Tamil Culture'/
Statement of responsibility, etc compiled by D. Sivaganesh
260 ## - PUBLICATION, DISTRIBUTION, ETC. (IMPRINT)
Place of publication, distribution, etc Chennai
Name of publisher, distributor, etc New Century Book House (P) Ltd.
270 ## - ADDRESS
Address 41-B, Sidco Industrial Estate, Ambattur
City Chennai
Postal code 600098
300 ## - PHYSICAL DESCRIPTION
Extent 238p.
Dimensions 22cm(pbk)
700 ## - ADDED ENTRY--PERSONAL NAME
Personal name D. Sivaganesh
942 ## - ADDED ENTRY ELEMENTS (KOHA)
Source of classification or shelving scheme Dewey Decimal Classification
Item type English Books
Call number suffix THE
Classification part 894.81109001
Holdings
Withdrawn status Lost status Not for loan Collection code Home library Current library Date acquired Source of acquisition Cost, normal purchase price Full call number Barcode Copy number Cost, replacement price Koha item type
      Non-fiction Patel Nagar Patel Nagar 03/06/2022 DBAD/PUB 150.00 894.81109001 THE EN-116523 1 150.00 English Books

© Delhi Public Library
Hit Counter
free hit counter